[Event "Paranaense-ch (Women)"]
[Site "Pirai do Sul"]
[Date "2018.01.27"]
[Round "4.7"]
[White "Felix, Jhulia Vitoria"]
[Black "De Moura, Sophia Cadamuro"]
[Result "1-0"]
[WhiteElo "1357"]
[BlackElo "1342"]
[PlyCount "69"]
[EventDate "2018.01.26"]
[EventType "swiss"]
[EventRounds "5"]
[EventCountry "BRA"]
[SourceTitle "EXT 2022"]
[Source "ChessBase"]
[SourceDate "2021.10.06"]
[SourceVersion "1"]
[SourceVersionDate "2021.10.06"]
[SourceQuality "1"]

1. d4 Nf6 2. c4 g6 3. Nf3 Bg7 4. e3 0-0 5. Be2 d6 6. 0-0 Nbd7 7. Nc3 e5 8. Qc2 Re8 9. b3 e4 10. Nd2 Qe7 11. f3 exf3 12. Nxf3 Nf8 13. Ba3 Qxe3+ 14. Kh1 Qe7 15. Rfe1 Bf5 16. Qb2 Qd8 17. Qd2 c6 18. Bd3 Bxd3 19. Qxd3 Qd7 20. c5 dxc5 21. Bxc5 b6 22. Ne5 Qc7 23. Bxf8 Kxf8 24. Qg3 Rad8 25. Nxg6+ hxg6 26. Qxc7 Kg8 27. Rxe8+ Rxe8 28. d5 Bf8 29. d6 Bxd6 30. Qxd6 Re6 31. Qd8+ Kg7 32. Qd4 c5 33. Qf4 Re7 34. Qxf6+ Kf8 35. Qh8# 1-0

[Event "Paranaense-ch (Women)"]
[Site "Pirai do Sul"]
[Date "2018.01.26"]
[Round "2.5"]
[White "Souza, Kim Garcia De"]
[Black "De Moura, Sophia Cadamuro"]
[Result "1-0"]
[WhiteElo "1748"]
[BlackElo "1342"]
[PlyCount "71"]
[EventDate "2018.01.26"]
[EventType "swiss"]
[EventRounds "5"]
[EventCountry "BRA"]
[SourceTitle "EXT 2022"]
[Source "ChessBase"]
[SourceDate "2021.10.06"]
[SourceVersion "1"]
[SourceVersionDate "2021.10.06"]
[SourceQuality "1"]

1. b4 Nf6 2. Bb2 g6 3. Nf3 Bg7 4. e3 0-0 5. Be2 d6 6. 0-0 e5 7. d3 Nc6 8. a3 Ne7 9. Nbd2 h6 10. c4 Be6 11. Qc2 Nd7 12. d4 f5 13. dxe5 Nxe5 14. Nd4 Bd7 15. N2f3 N5c6 16. Rfd1 g5 17. Nxc6 Bxc6 18. Bxg7 Kxg7 19. Nd4 Bd7 20. Qc3 Kh7 21. Qc2 g4 22. Bxg4 Rf6 23. g3 Qg8 24. Bf3 b6 25. Bxa8 Qxa8 26. Qe2 c5 27. Qf3 Qxf3 28. Nxf3 cxb4 29. axb4 Nc8 30. c5 bxc5 31. bxc5 d5 32. Ne5 Be6 33. Rdb1 Kh8 34. Rb8 Kg8 35. Rxa7 Kf8 36. Rc7 1-0

[Event "BRA-ch U12 Girls"]
[Site "Brasilia"]
[Date "2017.04.23"]
[Round "6"]
[White "Senger, Maria Clara da Silv"]
[Black "De Moura, Sophia Cadamuro"]
[Result "0-1"]
[WhiteElo "1263"]
[BlackElo "1310"]
[PlyCount "148"]
[EventDate "2017.04.21"]
[EventType "swiss"]
[EventRounds "6"]
[EventCountry "BRA"]
[SourceTitle "CBM 177 Extra"]
[Source "ChessBase"]
[SourceDate "2017.04.27"]
[SourceVersion "1"]
[SourceVersionDate "2017.04.27"]
[SourceQuality "1"]

1. d4 Nf6 2. c4 g6 3. g3 Bg7 4. Bg2 0-0 5. e4 d6 6. Ne2 Nc6 7. 0-0 Re8 8. Nbc3 Bd7 9. Be3 Qc8 10. Re1 Bh3 11. Bh1 Bd7 12. Nc1 Rb8 13. Rb1 b6 14. N1e2 a5 15. a3 Nd8 16. b3 Bc6 17. Qc2 Bb7 18. Bg2 Nd7 19. Bh3 c6 20. a4 Qc7 21. Bg2 c5 22. Red1 Nc6 23. Nb5 Qd8 24. Nbc3 Nb4 25. Qd2 cxd4 26. Bxd4 Nc5 27. Bxc5 bxc5 28. Nb5 Bc6 29. Nf4 Ba8 30. Nd5 Nxd5 31. exd5 Bb7 32. Qe3 Bc8 33. Qf3 h5 34. Re1 Bf5 35. Rbc1 Bb2 36. Rb1 Bxb1 37. Rxb1 Be5 38. Re1 Qd7 39. Qe2 Qg4 40. Qxg4 hxg4 41. Kf1 f5 42. f4 Bf6 43. Re2 Rb7 44. Re1 Kf7 45. Re6 g5 46. fxg5 Bxg5 47. Re2 Bf6 48. Rf2 Kg6 49. h3 Rf8 50. h4 Bd4 51. Re2 Be5 52. Re3 Rf6 53. Rd3 Kg7 54. Ke1 Kh6 55. Ke2 f4 56. gxf4 Rxf4 57. Bh1 Kh5 58. Ke3 g3 59. Bf3+ Kxh4 60. Rd2 Rf6 61. Rg2 Bd4+ 62. Ke2 Bf2 63. Nc3 Rxb3 64. Nd1 Bd4 65. Nf2 Rbxf3 66. Ne4 Re3+ 67. Kd1 Rxe4 68. Rd2 Kh3 69. Kc2 Rf2 70. Rxf2 gxf2 71. Kb3 Re3+ 72. Ka2 Kg2 73. Kb1 Re2 74. Kc1 f1Q# 0-1

[Event "BRA-ch U12 Girls"]
[Site "Brasilia"]
[Date "2017.04.22"]
[Round "3"]
[White "Kikuchi Cadilhac, Mariana Sawae"]
[Black "De Moura, Sophia Cadamuro"]
[Result "1-0"]
[WhiteElo "1530"]
[BlackElo "1310"]
[PlyCount "69"]
[EventDate "2017.04.21"]
[EventType "swiss"]
[EventRounds "6"]
[EventCountry "BRA"]
[SourceTitle "CBM 177 Extra"]
[Source "ChessBase"]
[SourceDate "2017.04.27"]
[SourceVersion "1"]
[SourceVersionDate "2017.04.27"]
[SourceQuality "1"]

1. e4 e5 2. Nf3 Nc6 3. Bc4 Bc5 4. c3 Nf6 5. d3 d6 6. 0-0 h6 7. h3 0-0 8. Bb3 Bb6 9. Re1 Re8 10. Nbd2 a5 11. Nc4 Ba7 12. Bc2 b5 13. Ne3 Bb7 14. Bd2 Ne7 15. Qc1 Ng6 16. Nf5 Nh7 17. Bb3 Qf6 18. Nh2 h5 19. Nf3 Bc8 20. Ng5 Rf8 21. Nxh7 Kxh7 22. Bg5 Qxf5 23. exf5 Bxf5 24. Bc2 f6 25. Be3 Bxe3 26. Rxe3 d5 27. d4 e4 28. Qd1 Kh6 29. g4 Be6 30. f3 hxg4 31. hxg4 c6 32. Kf2 Nf4 33. fxe4 Rfe8 34. Kg3 Kg5 35. Qf3 1-0

[Event "Parana-ch (Women)"]
[Site "Pirai do Sul"]
[Date "2017.01.30"]
[Round "5"]
[White "De Moura, Sophia Cadamuro"]
[Black "Da Silva, Rafaele Ferreira"]
[Result "0-1"]
[WhiteElo "1317"]
[BlackElo "1763"]
[PlyCount "136"]
[EventDate "2017.01.28"]
[EventType "swiss"]
[EventRounds "6"]
[EventCountry "BRA"]
[SourceTitle "CBM 176 Extra"]
[Source "ChessBase"]
[SourceDate "2017.03.02"]
[SourceVersion "1"]
[SourceVersionDate "2017.03.02"]
[SourceQuality "1"]

1. e4 e6 2. d4 d5 3. e5 Ne7 4. Nf3 Nf5 5. c3 c5 6. a3 cxd4 7. cxd4 g6 8. Be2 Bg7 9. 0-0 0-0 10. b4 b6 11. Bb2 Ba6 12. Nbd2 Bxe2 13. Qxe2 Nc6 14. Rac1 Qd7 15. Nb3 a5 16. b5 Na7 17. a4 Rac8 18. Rfd1 Rxc1 19. Rxc1 Qe7 20. Rc3 Qb4 21. Rc7 Qxb3 22. Rxa7 Rb8 23. Ng5 Qxa4 24. Qd3 Qb4 25. Ba1 Rc8 26. Qd1 Qxb5 27. Nxf7 Qc4 28. Bb2 Rc7 29. Rxc7 Qxc7 30. Ng5 b5 31. Nxe6 Qc4 32. Nc5 Bf8 33. Qd2 Bxc5 34. dxc5 Qxc5 35. Qxa5 d4 36. Qd8+ Kf7 37. g4 Ne7 38. Qxd4 Qxd4 39. Bxd4 Nc6 40. Bb2 Ke6 41. f4 Nb4 42. Bc1 Nd3 43. Bd2 b4 44. Bxb4 Nxb4 45. Kg2 Nd3 46. Kf3 h6 47. h4 Ne1+ 48. Ke4 Ng2 49. h5 gxh5 50. gxh5 Nh4 51. Kd4 Nf5+ 52. Ke4 Ng3+ 53. Kf3 Nxh5 54. Kg4 Ng7 55. Kh4 Kf5 56. Kg3 Nh5+ 57. Kh4 Nxf4 58. Kg3 Kxe5 59. Kg4 h5+ 60. Kh4 Kf5 61. Kg3 Kg5 62. Kh2 Kg4 63. Kg1 Kg3 64. Kh1 h4 65. Kg1 h3 66. Kh1 Nd3 67. Kg1 h2+ 68. Kh1 Nf2# 0-1

[Event "Parana-ch (Women)"]
[Site "Pirai do Sul"]
[Date "2017.01.28"]
[Round "1"]
[White "Taha, Najla Mohamad"]
[Black "De Moura, Sophia Cadamuro"]
[Result "1-0"]
[WhiteElo "1847"]
[BlackElo "1317"]
[PlyCount "36"]
[EventDate "2017.01.28"]
[EventType "swiss"]
[EventRounds "6"]
[EventCountry "BRA"]
[SourceTitle "CBM 176 Extra"]
[Source "ChessBase"]
[SourceDate "2017.03.02"]
[SourceVersion "1"]
[SourceVersionDate "2017.03.02"]
[SourceQuality "1"]

1. e4 e5 2. Bc4 Nf6 3. d3 Bc5 4. Nf3 Nc6 5. 0-0 d6 6. h3 h6 7. c3 Be6 8. Bxe6 fxe6 9. a4 a5 10. d4 exd4 11. cxd4 Bb4 12. Qd3 0-0 13. Nc3 Ne7 14. Na2 b6 15. Nxb4 axb4 16. Rd1 d5 17. e5 Ne4 18. Be3 c5 1-0